Dooja Butwara / (Record no. 525436)

000 -LEADER
fixed length control field 00438nam a22001697a 4500
003 - CONTROL NUMBER IDENTIFIER
control field NUST
038 ## - RECORD CONTENT LICENSOR
Staff Name Arshad
082 ## - DEWEY DECIMAL CLASSIFICATION NUMBER
Classification number 891.4913
Author Mark HAN
100 ## - MAIN ENTRY--PERSONAL NAME
Personal name Chudhary, Haneef
9 (RLIN) 14984
245 ## - TITLE STATEMENT
Title Dooja Butwara /
Statement of responsibility, etc. Haneef Chudhary
260 ## - PUBLICATION, DISTRIBUTION, ETC.
Place of publication, distribution, etc. Lahore :
Name of publisher, distributor, etc. Pakistan Punjabi Adbi Board ,
Date of publication, distribution, etc. 1930.
300 ## - PHYSICAL DESCRIPTION
Extent 120 p. ;
500 ## - GENERAL NOTE
General note Papercover.
880 ## - ALTERNATE GRAPHIC REPRESENTATION
Linkage 100-01\r
Title Chudhary
880 ## - ALTERNATE GRAPHIC REPRESENTATION
Linkage 245-02\r
Title دوجا بٹورہ
942 ## - ADDED ENTRY ELEMENTS (KOHA)
Source of classification or shelving scheme
Koha item type Book
Holdings
Withdrawn status Lost status Source of classification or shelving scheme Damaged status Not for loan Permanent Location Current Location Shelving location Date acquired Total Checkouts Full call number Barcode Date last seen Price effective from Koha item type
          Central Library (CL) Central Library (CL) Punjabi Literature 07/02/2019   891.4913 HAN CL-E-790 07/02/2019 07/02/2019 Book
© 2023 Central Library, National University of Sciences and Technology. All Rights Reserved.